000 00726nam a2200181Ia 4500
008 090124s9999 xx 000 0 und d
082 _b33819
100 _aचित्रे दिलीप पुरुषोत्तम
245 _a शीबा राणीच्या शोधात
250 _a1
260 _bमॅजेस्कि बुक स्टॅाल
_c1971
300 _a97
600 _aचित्रे दिलीप पुरुषोत्तम
630 _a शीबा राणीच्या शोधात
700 _aचित्रे दिलीप पुरुषोत्तम
730 _a शीबा राणीच्या शोधात
942 _cBOOK
999 _c99700
_d99700